[Event "13th Goodricke"]
[Site "Calcutta IND"]
[Date "2002.03.17"]
[Round "1"]
[White "Girinath,P"]
[Black "Goloshchapov,A"]
[Result "0-1"]
[WhiteElo "2336"]
[BlackElo "2545"]

1.e4 c5 2.Nf3 Nc6 3.Bb5 e6 4.O-O Nge7 5.b3 a6 6.Bxc6 Nxc6 7.Bb2 b5 8.c4 bxc4
9.bxc4 Rb8 10.Bc3 d6 11.d3 e5 12.Nbd2 Be7 13.Ne1 f5 14.exf5 Bxf5 15.f4 O-O
16.g4 Bd7 17.Ng2 exf4 18.Ne4 g5 19.h3 Rf7 20.Ne1 h5 21.a3 hxg4 22.hxg4 Qc8
23.Kf2 Bxg4 24.Rh1 Ne5 25.Nf3 Qf5 26.Ra2 Rh7 27.Bxe5 dxe5 28.Rxh7 Qxh7 29.Qg1 Bxf3
30.Nxg5 Bxg5 31.Qxg5+ Kf7 32.Kxf3 Qxd3+  0-1

[Event "TCh-FIN 2001-02"]
[Site "FIN"]
[Date "2002.03.17"]
[Round "9"]
[White "Lehtioksa,J"]
[Black "Ristoja,T"]
[Result "1/2-1/2"]
[WhiteElo "2173"]
[BlackElo "2232"]

1.e4 c5 2.Nf3 Nc6 3.Bb5 g6 4.O-O Bg7 5.Re1 e5 6.b4 cxb4 7.a3 Nge7 8.axb4 O-O
9.Ba3 d6 10.Bf1 a6 11.b5 axb5 12.Bxb5 h6 13.h3 Be6 14.c4 f5 15.Nc3 Nd4 16.Nxd4 exd4
17.Nd5 fxe4 18.Rxe4 Nxd5 19.Rxe6 Nf4 20.Rxd6 Qh4 21.Qg4 Nxh3+ 22.Qxh3 Qxf2+
23.Kh1 Rf4 24.g3 Rxa3 25.Rxa3 Qe1+ 26.Kh2 Rf2+ 27.Qg2 Rxg2+ 28.Kxg2 Qe2+
29.Kh3 Qf1+ 30.Kh2  1/2-1/2

[Event "35th Ladies GM"]
[Site "Belgrade YUG"]
[Date "2002.03.19"]
[Round "5"]
[White "Kalevic,S"]
[Black "Ujhazi,D"]
[Result "1-0"]
[WhiteElo "2246"]
[BlackElo "2180"]

1.e4 c5 2.Nf3 Nc6 3.Bb5 d6 4.O-O Bd7 5.h3 a6 6.Bxc6 Bxc6 7.Re1 Nf6 8.e5 dxe5
9.Nxe5 Qc7 10.d3 e6 11.Nd2 Rd8 12.Ndc4 Bd5 13.Bd2 b6 14.Qe2 Be7 15.Bf4 Qb7
16.Ne3 O-O 17.a4 Rfe8 18.a5 b5 19.b3 Bc6 20.c4 b4 21.Red1 Nd7 22.Nxc6 Qxc6
23.Ng4 e5 24.Bg3 Qg6 25.Qf3 Bd6 26.Ne3 e4 27.dxe4 Bxg3 28.Qxg3 Qxg3 29.fxg3 Nf6
30.Rxd8 Rxd8 31.e5 Ne4 32.Nd5 Kf8 33.Re1 Nc3 34.Nc7 Rd2 35.Nxa6 Ra2 36.Nxc5 Rxa5
37.Nd3 Ra3 38.Nxb4 Rxb3 39.Nd5 g6 40.Kf2 Na4 41.e6 fxe6 42.Rxe6 Rb5 43.Rf6+ Kg7
44.Ra6 Nc5 45.Ra7+ Kf8 46.Rxh7  1-0

[Event "57th ch-YUG"]
[Site "Banja Koviljaca YUG"]
[Date "2002.03.20"]
[Round "5"]
[White "Pikula,D"]
[Black "Kovacevic,A"]
[Result "1-0"]
[WhiteElo "2466"]
[BlackElo "2549"]

1.e4 c5 2.Nf3 Nc6 3.Bb5 g6 4.Bxc6 dxc6 5.d3 Bg7 6.h3 Nf6 7.Nc3 Nd7 8.Be3 e5
9.Qd2 h6 10.Nh2 Qe7 11.O-O Nf8 12.f4 exf4 13.Rxf4 Ne6 14.Rf2 Nd4 15.Raf1 Be6
16.b3 O-O-O 17.Nf3 b6 18.Ne2 f5 19.Bxd4 cxd4 20.exf5 Bxf5 21.Ng3 Be6 22.Re2 Rhe8
23.Qe1 Qd6 24.Nh4 Bd7 25.Ne4 Qe6 26.Qg3 Be5 27.Qxg6 Qd5 28.Kh1 Bc7 29.Nf5 Kb8
30.Nf6 Bxf5 31.Qxe8 Qd6 32.Qe5 Qxe5 33.Rxe5 Bd7 34.Nxd7+ Rxd7 35.Re8+ Kb7  1-0

[Event "Supercom Cup"]
[Site "Bucharest ROM"]
[Date "2002.03.21"]
[Round "5"]
[White "Golubev,M"]
[Black "Nanu,C"]
[Result "1/2-1/2"]
[WhiteElo "2531"]
[BlackElo "2412"]

1.e4 c5 2.Nf3 Nc6 3.Bb5 g6 4.O-O Bg7 5.c3 Nf6 6.e5 Nd5 7.d4 cxd4 8.cxd4 O-O
9.Nc3 Nc7 10.Re1 Nxb5 11.Nxb5 a6 12.Nc3 d6 13.exd6 Qxd6 14.d5 Ne5 15.Bf4 Nxf3+
16.Qxf3 Qb6 17.Be5 Qxb2 18.Bxg7 Kxg7 19.Rab1 Qa3 20.Qe3 b5 21.Qd4+ f6 22.Rb4 e5
23.dxe6 Bxe6 24.Rxe6 Rad8 25.Qf4 Qxc3 26.h4 Qa1+ 27.Kh2 Qxa2 28.Qc7+ Rf7
29.Rxa6 Qxa6 30.Qxd8 Qc6 31.Qd3 Rb7 32.Qd4 Qb6 33.Qb2 Qc5 34.g3 h5 35.Kg2 Qc6+
36.Kh2 Rd7 37.Qe2 Rb7 38.Qb2 Qd5 39.Qe2 Qe5 40.Qf3 Rc7 41.Re4 Qd6 42.Re8 Qb6
43.Qe2 b4 44.Re7+  1/2-1/2

[Event "13th Goodricke"]
[Site "Calcutta IND"]
[Date "2002.03.21"]
[Round "5"]
[White "Palit,S"]
[Black "Sharma,D"]
[Result "1/2-1/2"]
[WhiteElo "2257"]
[BlackElo "2380"]

1.e4 c5 2.Nf3 Nc6 3.Bb5 e6 4.Bxc6 bxc6 5.O-O Ne7 6.e5 Ng6 7.b3 f6 8.Bb2 Be7
9.d3 O-O 10.Nbd2 fxe5 11.Nxe5 Nxe5 12.Bxe5 d6 13.Bg3 e5 14.f4 exf4 15.Rxf4 Bf5
16.Qf3 Qd7 17.Rf1 Be6 18.Bh4 Bd5 19.Qg3 Rxf4 20.Rxf4 Bxh4 21.Qxh4 Re8 22.Qf2 h6
23.c4 Bf7 24.Ne4 Bg6 25.Qg3 Bxe4 26.Rxe4 Rxe4 27.dxe4 Qe6 28.Qf4 g5 29.Qf3 Kg7
30.h3 Qe5 31.Qf5 h5 32.Qxe5+ dxe5 33.Kf2 Kf7 34.Ke3 Ke7 35.a3 a5 36.g3 Kd7
37.Kd3 Kc7 38.Kc3 Kb6 39.b4 cxb4+ 40.axb4 axb4+ 41.Kxb4 c5+ 42.Ka4 Ka6 43.Kb3 Ka5
44.Ka3 Kb6 45.Kb3 Ka5  1/2-1/2

[Event "Masters"]
[Site "Pinamar ARG"]
[Date "2002.03.23"]
[Round "4"]
[White "Felgaer,R"]
[Black "Pavasovic,D"]
[Result "0-1"]
[WhiteElo "2509"]
[BlackElo "2547"]

1.e4 c5 2.Nf3 Nc6 3.Bb5 g6 4.O-O Bg7 5.c3 Nf6 6.d4 cxd4 7.cxd4 Nxe4 8.d5 Nd6
9.Bd3 Nb4 10.Nc3 O-O 11.Re1 b6 12.Bb1 Bb7 13.Bf4 Bxc3 14.bxc3 Nxd5 15.Bxd6 exd6
16.Qd4 Qf6 17.Be4 Qxd4 18.Nxd4 Bc6 19.c4 Nb4 20.a3 Bxe4 21.Rxe4 d5 22.Re5 f6
23.Re7 Nc6 24.Nxc6 dxc6 25.cxd5 cxd5 26.Rd1 Rf7 27.Rxf7 Kxf7 28.Rxd5 Ke6
29.Rd3 Rc8 30.g3 b5 31.Kf1 Rc6 32.Ke2 a6 33.f4  0-1

[Event "Suetin Mem"]
[Site "Tula RUS"]
[Date "2002.03.23"]
[Round "1"]
[White "Voitsekhovsky,S"]
[Black "Sinitsin,E"]
[Result "0-1"]
[WhiteElo "2527"]
[BlackElo "2325"]

1.e4 c5 2.Nf3 Nc6 3.Bb5 g6 4.O-O Bg7 5.c3 Nf6 6.d4 Nxe4 7.d5 Nb8 8.Re1 Nf6
9.d6 e6 10.Bg5 h6 11.Bh4 b6 12.Ne5 Bb7 13.Nxg6 a6 14.Nxh8 axb5 15.Qd2 Ra4
16.Bg3 Kf8 17.f3 Nc6 18.Nxf7 Kxf7 19.Qc2 Nh5 20.Nd2 Qg5 21.Ne4 Qg6 22.Qb3 Na7
23.Re3 Bd5 24.Qd1 Nc6 25.a3 Nxg3 26.Nxg3 Be5 27.Ne2 Bxd6 28.b4 c4 29.Ra2 Qg5
30.Qd2 Ra8 31.Ng3 Bxg3 32.hxg3 Qxg3 33.Re2 Rh8 34.Qe3 h5 35.a4 bxa4 36.b5 Ne7
37.Qxb6 h4 38.Rxa4 h3 39.Qf2 h2+ 40.Kh1 Qxf2 41.Rxf2 Nf5  0-1

[Event "Supercom Cup"]
[Site "Bucharest ROM"]
[Date "2002.03.24"]
[Round "7"]
[White "Vasiesiu,D"]
[Black "Nanu,C"]
[Result "1-0"]
[WhiteElo "2435"]
[BlackElo "2412"]

1.e4 c5 2.Nf3 Nc6 3.Bb5 Qb6 4.Nc3 e6 5.Bxc6 Qxc6 6.d4 b5 7.d5 Qb7 8.O-O b4
9.Na4 d6 10.c4 Nf6 11.Re1 e5 12.a3 a5 13.h3 Be7 14.Nh4 Nxd5 15.Qxd5 Qxd5
16.cxd5 Bxh4 17.Nb6 Rb8 18.Nc4 Kd7 19.Nxa5 bxa3 20.Rxa3 Ba6 21.Nc6 Ra8 22.Bd2 Bb7
23.Na5 Ra7 24.Rea1 Bd8 25.Nxb7 Rxb7 26.Ra8 Re8 27.R1a7 Rxa7 28.Rxa7+ Bc7
29.Kf1 Kc8 30.Ke2 Kb8 31.Ra3 Kb7 32.Rg3 g6 33.Rf3 Re7 34.g4 Kc8 35.Kd3 Bd8
36.Kc4 Ra7 37.Ra3 Rb7 38.b3 Kd7 39.Ra8 g5 40.Ra6 h6 41.Ra8 Ke7 42.Be1 Kd7
43.f3 Be7 44.Ba5 Bf6 45.Ra6 Be7 46.Bb6 Bf6 47.Bxc5  1-0

[Event "Masters"]
[Site "Pinamar ARG"]
[Date "2002.03.25"]
[Round "8"]
[White "Zarnicki,P"]
[Black "Ricardi,P"]
[Result "1/2-1/2"]
[WhiteElo "2493"]
[BlackElo "2544"]

1.e4 c5 2.Nf3 Nc6 3.Bb5 Nd4 4.Nxd4 cxd4 5.O-O g6 6.c3 Bg7 7.cxd4 Bxd4 8.Nc3 a6
9.Ba4 b5 10.Bb3 Bb7 11.Ne2 Bg7 12.Ng3 h5 13.Re1 d5 14.Qf3 e6 15.e5 Qb6 16.Qf4 Bh6
17.Qh4 Qd8 18.Qxd8+ Kxd8 19.d4 Rc8 20.Ne2 Kd7 21.a4 b4 22.Be3 a5  1/2-1/2

[Event "13th Goodricke"]
[Site "Calcutta IND"]
[Date "2002.03.27"]
[Round "11"]
[White "Ramesh,R"]
[Black "Sharma,D"]
[Result "1-0"]
[WhiteElo "2480"]
[BlackElo "2380"]

1.e4 c5 2.Nf3 Nc6 3.Bb5 e6 4.O-O Nge7 5.Re1 a6 6.Bxc6 Nxc6 7.d4 cxd4 8.Nxd4 Qc7
9.Nxc6 Qxc6 10.Nc3 b5 11.a4 Bb7 12.Bf4 Rc8 13.axb5 axb5 14.Qd3 Bb4 15.Nxb5 Bxe1
16.Nd6+ Ke7 17.Rxe1 f6 18.Qa3 Qc5 19.Qg3 g5 20.Nxb7 Qb6 21.Nd6 Rc6 22.e5 Qb4
23.exf6+ Kf8 24.Re4 Qa5 25.h4 h6 26.Be5 Rxc2 27.Qb3  1-0

[Event "6th Neckar Open"]
[Site "Deizisau GER"]
[Date "2002.03.28"]
[Round "1"]
[White "Sax,G"]
[Black "Wahedi,A"]
[Result "1-0"]
[WhiteElo "2584"]
[BlackElo "2142"]

1.e4 c5 2.Nf3 Nc6 3.Bb5 g6 4.Bxc6 dxc6 5.d3 Bg7 6.h3 e5 7.Be3 b6 8.Qd2 h6
9.Nc3 Ne7 10.O-O-O Be6 11.Ng1 Qd7 12.Nge2 f5 13.f4 exf4 14.Nxf4 Bf7 15.d4 c4
16.d5 fxe4 17.Bd4 O-O 18.Bxg7 Kxg7 19.Qd4+ Kh7 20.Nxe4 Ng8 21.h4  1-0

[Event "Suetin Mem"]
[Site "Tula RUS"]
[Date "2002.03.28"]
[Round "6"]
[White "Kuzin,A"]
[Black "Kotanjian,T"]
[Result "0-1"]
[WhiteElo "2244"]
[BlackElo "2387"]

1.e4 c5 2.Nf3 Nc6 3.Bb5 e6 4.O-O Nge7 5.c3 a6 6.Bxc6 bxc6 7.e5 Ng6 8.d4 d5
9.exd6 Bxd6 10.dxc5 Bxc5 11.Qxd8+ Kxd8 12.b4 Be7 13.Be3 Kc7 14.Nbd2 a5 15.a3 Ba6
16.Rfc1 Bd3 17.Nb3 a4 18.Ne1 Rhd8 19.Nd4 Bc4 20.Nef3 e5 21.Nf5 Bf8 22.Nd2 Bd3
23.g4 f6 24.Ng3 Rd7 25.c4 c5 26.b5 Nf4 27.Bxf4 exf4 28.Nge4 Re8 29.Nc3 Be2
30.Nd5+ Kb7 31.Re1 f3 32.Nf1 h5 33.gxh5 Re5 34.Nde3 f5 35.Nd5 Bd6 36.Nc3 f4
37.Nd2 Rg5+ 38.Kh1 Be5 39.Nde4 Bxc3 40.Nxc3 Bxc4 41.Ne4 Rxh5 42.Rac1 Rd8
43.Ng5 Rdh8 44.Re7+ Kb6 45.Nxf3 Bd5  0-1

[Event "Suetin Mem"]
[Site "Tula RUS"]
[Date "2002.03.28"]
[Round "6"]
[White "Yandemirov,V"]
[Black "Kulikov,O"]
[Result "1-0"]
[WhiteElo "2502"]
[BlackElo "2370"]

1.e4 c5 2.Nf3 Nc6 3.Bb5 g6 4.O-O Bg7 5.c3 Nf6 6.Re1 O-O 7.e5 Nd5 8.d4 cxd4
9.cxd4 Nc7 10.Ba4 d6 11.Bxc6 bxc6 12.Nc3 Bg4 13.h3 Bxf3 14.Qxf3 Ne6 15.Be3 dxe5
16.dxe5 Qc7 17.Rac1 Bxe5 18.Nd5 Qb7 19.Rxc6 Qxb2 20.Nxe7+ Kh8 21.Qe4 Bf6
22.Nd5 Bg7 23.Qa4 Qe5 24.Nf4 Nxf4 25.Qxf4 Qa5 26.Re2 Kg8 27.Rc5 Qa3 28.Qc4 Rab8
29.g3 a5 30.Kg2 Qb4 31.Rd2 Rfd8 32.Rxd8+ Rxd8 33.Rc7 Qxc4 34.Rxc4 Bf8 35.Kf3 Bb4
36.a4 h5 37.g4 hxg4+ 38.hxg4 Kf8 39.Bh6+ Ke7 40.Re4+ Kd7 41.Rd4+ Ke8 42.Rxd8+ Kxd8
43.Ke4 Be1 44.f3 Kd7 45.Kd5 Bb4 46.Bf4 f6 47.Bg3 f5 48.Bf4 fxg4 49.fxg4 Ke7
50.Kc6 Be1 51.Kb5 Kd7 52.Be3 Kd6 53.Bb6 Bd2 54.Bxa5 Be3 55.Bb6 Bd2 56.a5  1-0

[Event "40th Doeberl Cup"]
[Site "Canberra AUS"]
[Date "2002.03.29"]
[Round "2"]
[White "Rogers,I"]
[Black "Dwyer,D"]
[Result "1-0"]
[WhiteElo "2555"]
[BlackElo "2146"]

1.e4 c5 2.Nf3 Nc6 3.Bb5 d6 4.d4 cxd4 5.Qxd4 Bd7 6.Bxc6 bxc6 7.c4 e5 8.Qd3 Nf6
9.Nc3 Qc7 10.Bg5 Be7 11.Rd1 Be6 12.Bxf6 gxf6 13.Nh4 Rg8 14.O-O Rg4 15.Nf5 O-O-O
16.b4 Bxf5 17.exf5 Rdg8 18.g3 Rd4 19.Qe2 Rf4 20.b5 Rxf5 21.Qe4 Rf4 22.Qxh7 Rgg4
23.bxc6 Rxc4 24.Nd5 Qd8 25.Qf5+  1-0

[Event "Open"]
[Site "Mar del Plata ARG"]
[Date "2002.03.29"]
[Round "8"]
[White "Rosito,J"]
[Black "Cordero,A"]
[Result "1-0"]
[WhiteElo "2424"]
[BlackElo "2277"]

1.e4 c5 2.Nf3 Nc6 3.Bb5 g6 4.Bxc6 bxc6 5.O-O Bg7 6.c3 Nf6 7.Re1 O-O 8.d4 Qa5
9.Nbd2 cxd4 10.cxd4 d6 11.b3 Ba6 12.Bb2 Nh5 13.Qc1 Bh6 14.g3 Rac8 15.Qc2 Qd8
16.h3 Qd7 17.Kh2 Rc7 18.Rad1 f6 19.Nc4 Ng7 20.Bc3 Bc8 21.Ng1 f5 22.e5 f4
23.g4 d5 24.e6 Nxe6 25.Ne5 Qe8 26.Ngf3 Rb7 27.Re2 c5 28.dxc5 Nxc5 29.Rxd5 Nd7
30.Nc6 Nb6 31.Rc5 Rc7 32.Qe4 e5 33.Bxe5 Rxc6 34.Qxc6 Qxc6 35.Rxc6 Bb7 36.Rec2 Bxc6
37.Rxc6 Re8 38.Rc7  1-0

[Event "SVK-Cup"]
[Site "Trencianske Teplice SVK"]
[Date "2002.03.29"]
[Round "1"]
[White "Strachan,J"]
[Black "Salai,L"]
[Result "0-1"]
[WhiteElo "2219"]
[BlackElo "2404"]

1.e4 c5 2.Nf3 Nc6 3.Bb5 g6 4.Bxc6 dxc6 5.d3 Bg7 6.O-O Nf6 7.Nc3 Bg4 8.h3 Bxf3
9.Qxf3 O-O 10.Nd1 c4 11.dxc4 Qd4 12.Nc3 Qxc4 13.Rd1 Rfd8 14.Bg5 h6 15.Bd2 Nd7
16.Be3 Ne5 17.Qg3 Qb4 18.Rdb1 Nc4 19.a3 Qa5 20.Ra2 Rd7 21.Ne2 Nxe3 22.Qxe3 Qd2
23.c3 Qxe3 24.fxe3 Rd2 25.Nd4 Rd8 26.Raa1 h5 27.Nf3 Re2 28.Kf1 Rxe3 29.Rd1 Red3
30.Rxd3 Rxd3 31.Ke2 Rd6 32.a4 c5 33.a5 Bh6 34.g3 Kg7 35.b4 cxb4 36.cxb4 a6
37.Rb1 Rc6 38.Kd3 Rc1 39.Rxc1 Bxc1 40.Ne5 Kf6 41.Nd7+ Ke6 42.Nc5+ Kd6 43.Nxb7+ Kc6
44.Nc5 Kb5 45.Kc3 Be3 46.Nd3 f6 47.g4 hxg4 48.hxg4 e6 49.Ne1 f5 50.exf5 exf5
51.gxf5 gxf5 52.Nc2 Bf2 53.Kb3 f4 54.Na3+ Kc6 55.Kc4 f3 56.b5+ axb5+ 57.Nxb5 Be3  0-1

[Event "New White Plus GM open"]
[Site "Dhaka BAN"]
[Date "2002.03.30"]
[Round "1"]
[White "Girinath,P"]
[Black "Hasan,M"]
[Result "1/2-1/2"]
[WhiteElo "2336"]
[BlackElo "2187"]

1.e4 c5 2.Nf3 Nc6 3.Bb5 g6 4.O-O Bg7 5.c3 Nf6 6.Re1 O-O 7.h3 a6 8.Bf1 d6
9.d4 d5 10.exd5 Qxd5 11.c4 Qd6 12.d5 Nd4 13.Be3 Nf5 14.Nc3 Nxe3 15.Rxe3 Rd8
16.Qc2 Bf5 17.Bd3 Bh6 18.Ree1 Bxd3 19.Qxd3 e6 20.Rad1 b5 21.Qc2 exd5 22.Nxd5 Nxd5
23.Rxd5 Qc7 24.Rde5 Bf8 25.h4 Qd7 26.Rd5 Qb7 27.Rde5 bxc4 28.R5e2 Qb5 29.Rc1 Bh6
30.Rce1 Bg7 31.Rc1 Rab8 32.Qxc4 Rd1+ 33.Re1 Rxe1+ 34.Nxe1 Bxb2 35.Qxb5 Rxb5
36.Rc2 Ba3 37.Kf1 Kf8 38.Ke2 Rb2 39.Kd3 Ke7 40.Rxb2 Bxb2 41.Kc4 Kd6 42.Nf3 f6
43.Nd2 Bd4 44.Ne4+ Kc6 45.f3 h5 46.g4 hxg4 47.fxg4 f5 48.gxf5 gxf5 49.Ng5 Kd6
50.Nf3 Be3 51.Kd3 Bh6 52.Kc4 Bf4 53.h5 Be3 54.Kd3 Bh6 55.Kc4 Bf8 56.a4 Ke6
57.a5 f4 58.h6 Bxh6 59.Kxc5 Kf5 60.Kb6 Ke4 61.Nh2 Bg7 62.Kxa6 Bd4 63.Kb7 f3  1/2-1/2

[Event "Suetin Mem"]
[Site "Tula RUS"]
[Date "2002.03.30"]
[Round "8"]
[White "Novikov,Ma"]
[Black "Frolyanov,D"]
[Result "0-1"]
[WhiteElo "2434"]
[BlackElo "2295"]

1.e4 c5 2.Nf3 Nc6 3.Bb5 e6 4.O-O Nge7 5.Re1 a6 6.Bf1 d5 7.exd5 Nxd5 8.Nc3 Nxc3
9.bxc3 Be7 10.g3 O-O 11.Bg2 Bf6 12.Bb2 Qc7 13.d3 b5 14.Nd2 Bb7 15.Qh5 Be7
16.a4 Rfd8 17.Ne4 Rd5 18.Qe2 Rdd8 19.h4 b4 20.Rab1 Rab8 21.Qe3 bxc3 22.Bxc3 Nd4
23.Qd2 Qd7 24.Ba5 Rdc8 25.Bb6 Bd5 26.a5 f5 27.c3 Nb3 28.Qe2 c4 29.Ng5 Bxg2
30.dxc4 Bxg5 31.hxg5 Ba8 32.Rxb3 Re8 33.f3 e5 34.c5 f4 35.c4 e4 36.Qd1 Qh3
37.fxe4 Rxe4 38.Rxe4 Bxe4 39.Qe1 fxg3  0-1

[Event "Economic Faculty"]
[Site "Subotica YUG"]
[Date "2002.04.01"]
[Round "7"]
[White "Sedlak,N"]
[Black "Velimirovic,D"]
[Result "1-0"]
[WhiteElo "2442"]
[BlackElo "2487"]

1.e4 c5 2.Nf3 Nc6 3.Bb5 g6 4.O-O Bg7 5.Re1 e5 6.Bxc6 dxc6 7.d3 Qe7 8.a3 Nf6
9.b4 Bg4 10.Nbd2 O-O 11.h3 Bxf3 12.Nxf3 Rfd8 13.Bd2 Nh5 14.Qb1 Nf4 15.bxc5 Qxc5
16.d4 Qe7 17.Bxf4 exf4 18.e5 b5 19.c3 Rd5 20.a4 f5 21.axb5 cxb5 22.Qb3 Rd8
23.Ra6 Kh8 24.Rea1 R5d7 25.h4 Rb7 26.d5 Qf7 27.Rd1 h6 28.e6 Qf6 29.d6  1-0

[Event "FIDE GP"]
[Site "Dubai UAE"]
[Date "2002.04.03"]
[Round "1.1"]
[White "Anand,V"]
[Black "Taleb,M"]
[Result "1-0"]
[WhiteElo "2757"]
[BlackElo "2439"]

1.e4 c5 2.Nf3 Nc6 3.Bb5 g6 4.Bxc6 bxc6 5.O-O Bg7 6.c3 f6 7.d4 cxd4 8.cxd4 Nh6
9.Nc3 Nf7 10.h3 d6 11.Re1 O-O 12.Be3 Qb6 13.b3 Qb7 14.Rc1 Bd7 15.Nd2 Rad8
16.Nc4 Qa6 17.Qd2 e5 18.dxe5 fxe5 19.Na4 Be6 20.Qd3 Qb5 21.Red1 a6 22.Qc2 d5
23.Nc5 Bc8 24.a4 Qb4 25.Nd3 Qb8 26.Na5 dxe4 27.Nxc6 exd3 28.Rxd3 Bf5 29.Nxb8 Bxd3
30.Qd2 Bf5 31.Qa5 Rxb8 32.Qxa6 Rxb3 33.a5 Bd3 34.Qe6 Rb7 35.a6 Bxa6 36.Qxa6 Re7
37.Qa2 Bf6 38.Rc6  1-0

[Event "FSGMB April"]
[Site "Budapest HUN"]
[Date "2002.04.04"]
[Round "3"]
[White "Pinter,G"]
[Black "Horvath,P1"]
[Result "1/2-1/2"]
[WhiteElo "2363"]
[BlackElo "2489"]

1.e4 c5 2.Nf3 Nc6 3.Bb5 Qb6 4.Nc3 e6 5.O-O Nd4 6.a4 a6 7.Bc4 Ne7 8.Nxd4 cxd4
9.Ne2 Nc6 10.d3 Be7 11.f4 d6 12.f5 Ne5 13.Bb3 exf5 14.exf5 Bd7 15.Nf4 Bc6
16.Nd5 Bxd5 17.Bxd5 O-O-O 18.Bf4 Qc5 19.Bxe5 dxe5 20.Bxf7 Kb8 21.b4 Qc7 22.b5 a5
23.Qe2 Bg5 24.Be6 Be3+ 25.Kh1 h5 26.b6 Qxb6 27.Rab1 Qc6 28.Rb5 e4 29.dxe4 Qxe4
30.Rfb1 Rd6 31.Bd5 Qxd5 32.Rxd5 Rxd5 33.Qa6 Rd7 34.Qxa5 Rc8 35.Qe5+ Ka7 36.Qa5+ Kb8
37.Qb5 Re7 38.Qb4 Rd7 39.Qb2 Rc5 40.g3 Rdc7 41.Qb3 Rxc2 42.a5  1/2-1/2

[Event "New White Plus GM open"]
[Site "Dhaka BAN"]
[Date "2002.04.04"]
[Round "6"]
[White "Hossain,S"]
[Black "Rahman,SM"]
[Result "0-1"]
[WhiteElo "2139"]
[BlackElo "2267"]

1.e4 c5 2.Nf3 Nc6 3.Bb5 e6 4.Bxc6 bxc6 5.d3 d5 6.O-O Nf6 7.e5 Nd7 8.b3 Be7
9.Re1 O-O 10.Bb2 f5 11.exf6 Bxf6 12.d4 Re8 13.Nbd2 cxd4 14.Nxd4 Qb6 15.c3 c5
16.N4f3 Bb7 17.Nf1 e5 18.Ne3 Qe6 19.h3 h5 20.Nh2 g6 21.Qc2 e4 22.Rad1 Nb6
23.Nef1 Bh4 24.Nf3 Bf6 25.N3h2 Kh7 26.Ng3 Rad8 27.b4 cxb4 28.cxb4 d4 29.Bc1 Qc4
30.Qd2 e3 31.Qd3 Bh4 32.Bb2 Qxd3 33.Rxd3 exf2+ 34.Kxf2 Re3  0-1

[Event "TCh-CZE 2001-2"]
[Site "CZE"]
[Date "2002.04.06"]
[Round "10"]
[White "Nedela,V"]
[Black "Znamenacek,K"]
[Result "1-0"]
[WhiteElo "2380"]
[BlackElo "2287"]

1.e4 c5 2.Nf3 Nc6 3.Bb5 e5 4.O-O d6 5.c3 Bg4 6.h3 h5 7.d3 Bd7 8.d4 Qc7 9.dxc5 dxc5
10.Nbd2 f6 11.Nh4 Rh6 12.Be2 O-O-O 13.Nf5 Bxf5 14.exf5 Nge7 15.Bxh5 Nxf5
16.Bg4 g6 17.Qf3 Kb8 18.Ne4 Nh4 19.Qxf6 g5 20.Qxg5 Qh7 21.Ng3 Rhd6 22.Qh5 Qxh5
23.Bxh5 Be7 24.Be3 b6 25.Rad1 Rg8 26.Rxd6 Bxd6 27.Bf7 Rg7 28.Bd5 Ne7 29.Be4 Kc7
30.Nh5 Rf7 31.Bg5 Nhf5 32.Nf6 Ng7 33.Rd1 c4 34.Nd5+ Nxd5 35.Bxd5 Rf5 36.Bh6 Ne8
37.Bxc4 Bc5  1-0

[Event "New White Plus GM open"]
[Site "Dhaka BAN"]
[Date "2002.04.06"]
[Round "8"]
[White "Uddin,S"]
[Black "Rahman,SM"]
[Result "0-1"]
[WhiteElo "2159"]
[BlackElo "2267"]

1.e4 c5 2.Nf3 Nc6 3.Bb5 g6 4.O-O Bg7 5.Re1 Nf6 6.c3 O-O 7.d4 cxd4 8.cxd4 d5
9.e5 Ne4 10.Nc3 Nxc3 11.bxc3 Qa5 12.Qb3 Bg4 13.Ba3 Rfe8 14.Nd2 a6 15.Be2 Bf5
16.Bc5 Qc7 17.Bb6 Qd7 18.Bf3 e6 19.g4 Bh6  0-1

[Event "III Open"]
[Site "Dos Hermanas ESP"]
[Date "2002.04.06"]
[Round "2"]
[White "Fernandez Garcia,Jo"]
[Black "Ruiz Jimenez,F"]
[Result "1-0"]
[WhiteElo "2470"]
[BlackElo "2119"]

1.e4 c5 2.Nf3 Nc6 3.Bb5 e6 4.Bxc6 bxc6 5.d3 d5 6.c4 Ne7 7.Nc3 Ng6 8.O-O Bd6
9.exd5 cxd5 10.cxd5 exd5 11.Re1+ Be7 12.d4 c4 13.Ne5 Nxe5 14.Rxe5 Be6 15.Qh5 O-O
16.Nxd5 Bd6 17.Bg5 f6 18.Rxe6 Bxh2+ 19.Qxh2 Qxd5 20.Qd6 Qxd6 21.Rxd6 fxg5
22.Rc1 Rac8 23.Rd5 Rf4 24.Rc2 h6 25.Rd7 Re4 26.Kf1 a6 27.f3 Re3 28.Kf2 Rd3
29.b3 g4 30.Rxc4 Rxc4 31.bxc4 Rd2+ 32.Kg3 gxf3 33.gxf3 Rxa2 34.c5 Rc2 35.Kf4 a5
36.Ra7 Rc4 37.Ke4 h5 38.Rxa5 Kf7 39.Ra7+ Kf6 40.Ra6+ Kg5 41.f4+ Kh4 42.Rg6  1-0

[Event "IDJM"]
[Site "Augsburg GER"]
[Date "2002.04.07"]
[Round "7"]
[White "Grafl,F"]
[Black "Van der Weide,K"]
[Result "0-1"]
[WhiteElo "2341"]
[BlackElo "2454"]

1.e4 c5 2.Nf3 Nc6 3.Bb5 e6 4.Bxc6 bxc6 5.d3 f6 6.Nh4 g6 7.f4 f5 8.Nf3 Nh6
9.b3 Qf6 10.e5 Qg7 11.Nc3 Nf7 12.Na4 h6 13.Ba3 g5 14.g3 gxf4 15.gxf4 Qg4
16.Bc1 c4 17.dxc4 c5 18.Be3 Bb7 19.Rf1 d6 20.exd6 O-O-O 21.d7+ Rxd7 22.Qe2 Bg7
23.Rd1 Rxd1+ 24.Kxd1 Rd8+ 25.Nd2 Qh4 26.Nxc5 Qf6 27.Ke1 Ba8 28.Nf3 e5 29.Nxe5 Nxe5
30.fxe5 Qxe5 31.Nd3 Qa1+ 32.Kf2 Qf6 33.Ke1 Re8 34.Qf2 f4 35.Qxf4 Qxf4 36.Nxf4 Rxe3+
37.Kd2 Rf3 38.Rxf3 Bxf3 39.Ke3 Bg4 40.c5 Bf5 41.Nd3 Kc7 42.b4 Kc6 43.a4 Kd5
44.Nf4+ Kc4 45.c6 Be5 46.b5 Bxc2 47.Ne6 Bf5 48.Nd8 Bxh2 49.Kf3 h5 50.c7 Bxc7
51.Nc6 Bg4+ 52.Kg2 h4  0-1

[Event "1st It"]
[Site "Asuncion PAR"]
[Date "2002.04.08"]
[Round "1"]
[White "Crosa,M"]
[Black "Peralta,E"]
[Result "1/2-1/2"]
[WhiteElo "2384"]
[BlackElo "2302"]

1.e4 c5 2.Nf3 Nc6 3.Bb5 g6 4.Bxc6 bxc6 5.d4 Bg7 6.O-O cxd4 7.Nxd4 Nf6 8.Nc3 O-O
9.Bg5 c5 10.Nb3 d6 11.Qd2 c4 12.Nc1 Bb7 13.Re1 Qb6 14.Rb1 Rfc8 15.N1e2 Nxe4
16.Nxe4 Bxe4 17.Nc3 d5 18.Nxd5 Bxd5 19.Qxd5 e6 20.Qf3 Qa5 21.Bf6 Bxf6 22.Qxf6 c3
23.bxc3  1/2-1/2

[Event "IDJM"]
[Site "Augsburg GER"]
[Date "2002.04.08"]
[Round "9"]
[White "Gross,Dav GER"]
[Black "Van der Weide,K"]
[Result "1/2-1/2"]
[WhiteElo "2463"]
[BlackElo "2454"]

1.e4 c5 2.Nf3 Nc6 3.Bb5 e6 4.Bxc6 bxc6 5.d3 Ne7 6.Qe2 f6 7.Nh4 Qc7 8.f4 d5
9.c4 Ng6 10.Qh5 Qf7 11.Nc3 Bd6 12.Nxg6 Qxg6 13.Qe2 O-O 14.O-O Bd7 15.b3 Qh6
16.Na4 g5 17.Qf2 Rad8 18.g3 Bc8 19.Be3 Qg7 20.Kh1 Rfe8 21.Rae1 g4 22.Bxc5 Bb8
23.e5 fxe5 24.fxe5 Bxe5 25.Rxe5 Qxe5 26.Qf7+ Kh8 27.Be7 Rxe7 28.Qxe7 Rg8
29.Qxa7 dxc4 30.dxc4 Qe4+ 31.Kg1 c5 32.Nxc5 Qe3+ 33.Kg2 Rd8 34.Rf2 Rd2 35.Qf7 Bb7+
36.Nxb7 Qe4+ 37.Kg1 Qe1+ 38.Kg2  1/2-1/2

[Event "Golden Cleopatra"]
[Site "Cairo EGY"]
[Date "2002.04.08"]
[Round "2"]
[White "Ahmed,Es"]
[Black "Abdel Rahman,A"]
[Result "1-0"]
[WhiteElo "2382"]
[BlackElo "2213"]

1.e4 c5 2.Nf3 Nc6 3.Bb5 e6 4.O-O Nge7 5.Re1 Ng6 6.d4 Nxd4 7.Nxd4 cxd4 8.Qxd4 Qa5
9.Nc3 Bb4 10.Bf1 O-O 11.a3 Be7 12.b4 Qe5 13.Qxe5 Nxe5 14.f4 Nc6 15.Be3 b6
16.Rad1 Rd8 17.Rd2 Kf8 18.Red1 Ke8 19.Be2 Rb8 20.Nb5 Kf8 21.Bf3 Rb7 22.Nd6 Bxd6
23.Rxd6 Rc7 24.c3 Ke8 25.a4 e5 26.a5 bxa5 27.b5 Ne7 28.fxe5 Bb7 29.Bxa7 Nc8
30.Bd4 Nxd6 31.exd6 Rc4 32.Bxg7 Rdc8 33.Rf1 R8c5 34.Bd4 Rxd4 35.cxd4 Rxb5
36.Bh5 Bxe4 37.Bxf7+ Kd8 38.Bd5 Bg6 39.Rf8+ Be8 40.Bf7  1-0

[Event "Classics GM"]
[Site "Gausdal NOR"]
[Date "2002.04.11"]
[Round "1"]
[White "Royset,P"]
[Black "Halkias,S"]
[Result "0-1"]
[WhiteElo "2280"]
[BlackElo "2546"]

1.e4 c5 2.Nf3 Nc6 3.Bb5 d6 4.O-O Bd7 5.c4 Nf6 6.Nc3 Nd4 7.Bxd7+ Nxd7 8.d3 g6
9.Bg5 h6 10.Bh4 Bg7 11.Nd5 g5 12.Nxd4 Bxd4 13.Bg3 h5 14.h4 e6 15.Ne3 Ne5
16.Nc2 gxh4 17.Bh2 Ng4 18.Nxd4 cxd4 19.Qa4+ Qd7 20.Qa5 f6 21.c5 dxc5 22.Qxc5 b6
23.Qb4 Rc8 24.Rac1 Kf7 25.Bf4 Rhg8 26.f3 Ne3 27.Bxe3 dxe3 28.Rxc8 Qxc8 29.Kh2 Qc2
30.Rg1 h3 31.Kxh3 Qf2 32.Qe1 Rg3+ 33.Kh2 Rxg2+  0-1

[Event "Golden Cleopatra"]
[Site "Cairo EGY"]
[Date "2002.04.12"]
[Round "6"]
[White "Ahmed,Es"]
[Black "Ikonnikov,V"]
[Result "0-1"]
[WhiteElo "2382"]
[BlackElo "2516"]

1.e4 c5 2.Nf3 Nc6 3.Bb5 g6 4.O-O Bg7 5.c3 Nf6 6.Re1 O-O 7.h3 a6 8.Bf1 e5
9.d4 cxd4 10.cxd4 exd4 11.e5 Ne8 12.Nxd4 Nxe5 13.Nc3 d5 14.Nb3 Be6 15.Nd4 Qf6
16.Qb3 Nd3 17.Bxd3 Qxd4 18.Rd1 Qc5 19.Qxb7 Nd6 20.Qe7 d4 21.Ne2 Rfe8 22.Qg5 Bf5
23.Bf4 Ne4 24.Bxe4 h6 25.Qg3 Rxe4 26.Qf3 Rae8 27.Rac1 Qa5 28.Ng3 Re1+ 29.Rxe1 Rxe1+
30.Rxe1 Qxe1+ 31.Kh2 Bb1 32.Qa8+ Kh7 33.Qd5 Qxf2 34.Qxf7 Bxa2 35.Qxa2 Qxf4
36.Qa3 h5 37.Kg1 Qc1+ 38.Nf1 Qc4 39.Qe7 Qc2 40.Qb4 d3 41.Qd6 Bxb2 42.Qe7+ Bg7
43.Qd7 Qc5+ 44.Kh2 Qe5+ 45.g3 Qe2+ 46.Kg1 Qe4 47.Kh2 Kh6 48.Qd8 Qf3 49.Kg1 Be5
50.h4 Bg7 51.Qd6 Bc3 52.Qc5 d2 53.Qg5+ Kg7 54.Qe7+ Qf7 55.Qd6 Qf3 56.Qe7+ Kg8
57.Qd8+ Kh7 58.Qe7+ Kh8 59.Qd8+ Kg7 60.Qe7+ Qf7 61.Qd6 Kh7 62.Kg2 Qa2 63.Qe7+ Kg8
64.Qd8+ Kh7 65.Kf3 Qf7+ 66.Kg2 Qe6 67.Qd3 Qc6+ 68.Kf2 Qf6+ 69.Kg2 Bb4 70.Qd7+ Kh6
71.Qd3 Kh7 72.Ne3 Qf7 73.Nd1 Qb7+ 74.Kh2 Qc7 75.Ne3 Qc1 76.Qd7+ Kh6 77.Qd4 Bc3
78.Qf4+ Kh7 79.Kg2 d1=Q 80.Nxd1 Qxd1  0-1